000 00174nam a22000977a 4500
041 _aeng
080 _a80
100 _aGreen, George D.
245 _aThe Juror
999 _c279997
_d279997
942 _cBK